Statistiques concernant Culture Générale - Série 739

Cliquez ici pour prendre le quiz!

Statistiques générales

  • Ce quiz a été pris 200 fois
  • Le résultat moyen est 7 sur 10

Statistiques - réponses

QuestionRéponse% Correct
Quelle plante, qui porte bonheur quand elle a 4 feuilles, désigne une couleur dans un jeu de cartes ?trèfle
99%
Quel sport appelle-t-on "soccer" aux États-Unis ?football
97%
Quelle émission de Michel Drucker portait le nom d'une avenue parisienne mondialement connue ?Champs-Elysées
91%
Quel est le participe passé du verbe "bouillir" ?bouilli
89%
Quel rugbyman français est surnommé : "caveman" Outre-Manche, soit littéralement "homme des cavernes" ?Sébastien Chabal
77%
Quelle ville bretonne a son équipe de football surnommée "les Merlus"Lorient
59%
Complétez le titre du film réalisé en 1983 par Jean Becker, "L'été ...meurtrier
55%
Complétez le titre du roman de Jacques-Henri Bernardin de Saint-Pierre, "Paul et ...Virginie
51%
Quelle actrice américaine d'origine allemande est Lola Lola dans "L'Ange bleu" en 1930 ?Marlene Dietrich
49%
Quelle série télévisée, dont l'héroïne est interprétée par America Ferrera, se passe dans l'univers impitoyable de la mode ?Ugly Betty
35%

Distribution des résultats

Percentile par nombre de réponses

% des personnes avec chaque résultat

Votre développement - résultats

Vous n’avez pas pris ce quiz